| 000 | 01135nam a2200325 i 4500 | ||
|---|---|---|---|
| 003 | EG-GICUC | ||
| 005 | 20260127095747.0 | ||
| 008 | 260127s1993 fr ||||fr|||| 001 0 fre d | ||
| 020 | _a2275006400 | ||
| 040 |
_aEG-GiCUC _bfre _cEG-GiCUC _dEG-GiCUC _eRda |
||
| 041 | 0 | _afre | |
| 082 | 0 | 4 |
_221 _a341.83 _bPA . A |
| 092 | 0 | 4 | _221 |
| 099 | _aLaw1 12 341.83 PA . A 1993 | ||
| 100 | 1 |
_aPamboukis, Charalambos _eAuteur |
|
| 245 | 1 | 2 |
_aL'acte Public Etranger En Droit International Privé / _cCharalambos Pamboukis; Préface de Paul Lagarde. |
| 264 | 1 |
_aParis : _bLibrairie Générale De Droit Et De Jurisprudence, _c1993. |
|
| 300 |
_a360 page, _c 24 cm. _b |
||
| 336 |
_2rda contenu _a texte |
||
| 337 |
_2rda medias _aOrdinateur |
||
| 338 |
_2 transporteur rda _a Ressource en ligne |
||
| 490 |
_aBibliotheque De Droit Privé _vTome 219 |
||
| 504 | _acomprend des références bibliographiques | ||
| 546 | _aTexte en français | ||
| 650 | 1 | 4 | _aDroit international privé |
| 700 | 1 |
_aLagarde, Paul _ePréfacier |
|
| 856 | 4 | 0 | _uhttps://fll.law.cu.edu.eg/fulltext/bks/B12-02218.pdf |
| 905 | _a48 | ||
| 942 |
_2ddc _cBK _e21 _n0 |
||
| 999 |
_c59554 _d59554 |
||